000 00663nam a22002177a 4500
003 UA-OsUOA
001 83381
007 ta
008 20120410b un ||||| |||| 00| 0 ukr d
100 _aПритуляк Н.М.
090 _a330(477)
_bП77
942 _cSA
040 _aUA-OsUOA
_bukr
_cUA-OsUOA
_dUA-OsUOA
245 _aІнтелектуальний капітал як чинник активізації інвестиційного процесу
300 _aС.41-51
955 _a0
041 _aukr
080 _a330(477)
773 0 _w83376
_tФінанси України
_dК.
_d2011
_g12
650 7 _a330 Економіка взагалі
_2UDC
999 _c369691
_d369691